000 00946nam a2200277 a 4500
001 000015315
003 DO-SdBNP
005 20240412074243.0
007 ta
008 100205s2003 dr a 000 p spa d
020 _a999346712X
040 _aDO-SdBNP
_bspa
_cBNPHU
082 4 _aRD861.44
_bL296j
_222
100 1 _aLantigua, José Rafael,
_d1949-
_91438
245 1 4 _aLos júbilos íntimos /
_cJosé Rafael Lantigua ; prólogo Pablo Armando Fernández.
260 _aSanto Domingo :
_bAmigo del Hogar,
_c2003.
300 _a110 p. :
_bil. ;
_c24 cm.
500 _aIncluye datos biográficos del autor en la solapa de la cubierta.
590 _aInventariado, 2018/LP
650 0 _aPoesía dominicana
_966
650 0 _aLiteratura dominicana.
_967
700 1 _aFernández, Pablo Armando,
_d1930-
_epról.
_923418
700 1 _aDomínguez Fiallo, Desiree,
_eil.
_934637
910 _aValidado. Control de calidad BNPHU
942 _2ddc
_cLBS1
999 _c14881
_d14881